Normal view
MARC view
- Mixtures
Entry Topical Term
001 - CONTROL NUMBER
- control field: 114201
003 - CONTROL NUMBER IDENTIFIER
- control field: NUST
005 - DATE AND TIME OF LATEST TRANSACTION
- control field: 20230819100300.0
008 - FIXED-LENGTH DATA ELEMENTS
- fixed length control field: 230819|| aca||aabn | a|a d
040 ## - CATALOGING SOURCE
- Original cataloging agency: NUST
- Transcribing agency: NUST
150 ## - HEADING--TOPICAL TERM
- Topical term or geographic name entry element: Mixtures
- General subdivision: Statistical methods
670 ## - SOURCE DATA FOUND
- Source citation: Work cat.: (NUST)181401: Cornell, John A., 114200, Experiments with mixtures :, c1990.
